| 000 | 01581cam a2200445 4500 | ||
|---|---|---|---|
| 999 |
_c24062 _d24062 |
||
| 001 | vtls011896118 | ||
| 005 | 20251113122448.0 | ||
| 008 | 210906s2019 xo gr 010 f slo | ||
| 020 |
_a9788022210096 _q(viazané) |
||
| 035 | _aurn:nbn:sk:snk-am00fizs | ||
| 035 | _aurn:nbn:sk:snk-am3iuua | ||
| 035 | _a9FF3DD3E-8581-4D17-91DC-AD4D68EA72A5 | ||
| 040 |
_aPPPK _bslo _cPPPK _dSNK _erda |
||
| 041 | 1 |
_aslo _heng |
|
| 044 |
_axo _cSK |
||
| 072 | 7 |
_a821.111-3 _xAnglická próza, anglicky písaná _2konspekt |
|
| 080 |
_a821.111(415)-31 _22011 |
||
| 080 |
_a(0:82-311.6) _22011 |
||
| 080 |
_a(0:82-312.5) _22011 |
||
| 100 | 1 |
_aRiley, Lucinda, _d1965-2021 _4aut _95297 |
|
| 240 | 1 | 4 |
_aThe storm sisters _lSlovensky |
| 245 | 1 | 0 |
_aBúrková sestra _bpríbeh Ally _cLucinda Rileyová ; z anglického originálu The Storm Sisters ... preložila Mária Kočanová |
| 246 | 3 | 0 | _aPríbeh Ally |
| 250 | _aVydanie I. | ||
| 264 | 1 |
_aBratislava _bTatran _c2019 |
|
| 300 |
_a496 strán _c24 cm |
||
| 336 |
_atext _btxt _2rdacontent |
||
| 337 |
_abez média _bn _2rdamedia |
||
| 338 |
_azväzok _bnc _2rdacarrier |
||
| 500 | _aObsahuje biografické údaje o autorke na záložke prebalu publikácie | ||
| 655 | 7 |
_aírske romány (anglicky) _2SNKPH _92550 |
|
| 655 | 7 |
_ahistorické romány _2SNKPH _91688 |
|
| 655 | 7 |
_aľúbostné romány _2SNKPH _913 |
|
| 655 | 7 |
_aIrish fiction (English) _2SNKPHeng _92551 |
|
| 655 | 7 |
_aHistorical novels _2SNKPHeng _91689 |
|
| 655 | 7 |
_aLove novels _2SNKPHeng _91667 |
|
| 700 | 1 |
_aKočanová, Mária, _d1955- _4trl _92151 |
|
| 958 | _aLX | ||
| 958 | _aUP | ||